000 00506nam a2200181Ia 4500
005 20250508160054.0
008 008 250505s9999 xx 000 0 eng d
037 _aTextual
040 _aFEDL
_beng
_cFEDL
041 _aeng
_2eng
084 _a371.335, MCC
_qFEDL
100 _aMcClusky F. Dean
_9767902
245 0 _aAudio-visual teaching techniques
260 _aIowa
_bWM. C. Brown Company
_c1949
300 _avi,118p.
942 _cTEXL
_h371.335, MCC
999 _c1361508
_d1361508